PSG 2024-2025 joueurs et numéros - Statistiques

Statistiques générales
  • Ce quiz a été pris 1 044 fois
  • Le résultat moyen est 18 sur 23
Statistiques - réponses
Poste Joueur Numéro % Correct
G Gianluigi Donnaruma 1
94%
D Achraf Hakimi 2
93%
D Marquinhos 5
90%
G Matveï Safonov 39
87%
A Ousmane Dembele 10
85%
G Arnau Tenas 80
83%
A Bradley Barcola 29
83%
M Joao Neves 87
82%
D Presnel Kimpembe 3
82%
M Fabián Ruiz 8
81%
A Gonçalo Ramos 9
81%
D Nuno Mendes 25
81%
M Vitinha 17
81%
A Desiré Doué 14
80%
M Warren Zaïre-Emery 33
80%
A Khvicha Kvaratskhelia 7
79%
D Willian Pacho 51
77%
D Lucas Beraldo 35
73%
M Senny Mayulu 24
71%
M Lee Kang-In 19
70%
A Ibrahim Mbaye 49
58%
D Yoram Zague 42
54%
D Lucas Hernandez 21
46%
Aucun quiz correspondant
Distribution des résultats
% des personnes avec chaque résultat
Percentile par nombre de réponses
Votre historique - résultats
Vous n’avez pas pris ce quiz